Statistics for Balderdash Word Definition

Click here to take the quiz!

General Stats

  • This quiz has been taken 5 times
  • The average score is 3 of 10

Answer Stats

QuestionAnswer% Correct
QuackleTo suffocate a person
60%
JactancyBragging about something
40%
BlebbyCovered in blisters
40%
ChincherincheeFrom the plant lily family
40%
HuckabackRough lenin used for toweling
40%
ZarpA South African police officer
20%
ShirtyA wild party
20%
QueezmadamA French pear
0%
FlummadiddleA New England casserole
0%
CancrineRead the same backwards as forwards
0%

Score Distribution

Percentile by Number Answered

Percent of People with Each Score

Your Score History

You have not taken this quiz